[Event "ODJM B 2025"]
[Site "Willingen GER"]
[Date "2025.06.10"]
[Round "4"]
[White "Stelter, Finja"]
[Black "Kautny, Fabian"]
[Result "0-1"]
[Termination "normal"]
[Board "26"]
[WhiteElo "1730"]
[BlackElo "1818"]
[WhiteClock "00:21:35"]
[BlackClock "00:52:57"]
[PlyCount "88"]
[WhiteFideId "16298624"]
[BlackFideId "34657193"]
[EventCountry "GER"]
[EventRounds "9"]
[EventType "swiss"]
[EventDate "2025.06.07"]

1. e4 {[%clk 01:30:57]} {[%emt 00:00:03]} e5 {[%clk 01:30:42]} {[%emt
00:00:18]} 2. Nf3 {[%clk 01:31:02]} {[%emt 00:00:25]} Nc6 {[%clk 01:31:07]}
{[%emt 00:00:05]} 3. d4 {[%clk 01:31:23]} {[%emt 00:00:10]} exd4 {[%clk
01:31:33]} {[%emt 00:00:04]} 4. Nxd4 {[%clk 01:31:31]} {[%emt 00:00:21]} Bc5
{[%clk 01:31:58]} {[%emt 00:00:05]} 5. Be3 {[%clk 01:30:51]} {[%emt 00:01:09]}
Qf6 {[%clk 01:32:18]} {[%emt 00:00:10]} 6. c3 {[%clk 01:30:28]} {[%emt
00:00:54]} Nge7 {[%emt 00:00:20]} 7. g3 {[%clk 01:29:44]} {[%emt 00:00:58]} b6
{[%clk 01:20:15]} {[%emt 00:12:59]} 8. Bg2 {[%clk 01:26:06]} {[%emt 00:04:08]}
Ba6 {[%clk 01:09:47]} {[%emt 00:10:58]} 9. b4 {[%clk 01:17:49]} {[%emt
00:08:47]} Nxd4 {[%clk 01:10:11]} {[%emt 00:00:07]} 10. bxc5 {[%clk 01:13:13]}
{[%emt 00:05:06]} Ndc6 {[%clk 01:10:08]} {[%emt 00:00:33]} 11. Bh3 {[%clk
01:02:54]} {[%emt 00:10:48]} Rd8 {[%clk 01:09:59]} {[%emt 00:00:39]} 12. cxb6
{[%clk 00:59:18]} {[%emt 00:04:07]} axb6 {[%clk 01:09:51]} {[%emt 00:00:37]}
13. Bd4 {[%clk 00:57:20]} {[%emt 00:02:27]} Nxd4 {[%clk 00:56:04]} {[%emt
00:14:18]} 14. cxd4 {[%clk 00:53:29]} {[%emt 00:04:21]} Nc6 {[%clk 00:56:29]}
15. f4 {[%clk 00:45:17]} {[%emt 00:08:46]} Qxd4 {[%emt 00:02:15]} 16. Qxd4
{[%clk 00:44:17]} Nxd4 {[%clk 00:56:40]} {[%emt 00:00:05]} 17. Na3 {[%clk
00:42:54]} {[%emt 00:01:50]} O-O {[%clk 00:54:58]} {[%emt 00:02:15]} 18. O-O-O
{[%clk 00:39:22]} {[%emt 00:04:02]} c5 {[%clk 00:53:29]} {[%emt 00:02:00]} 19.
Nc2 {[%clk 00:36:59]} {[%emt 00:02:51]} Nxc2 {[%clk 00:50:19]} {[%emt
00:03:42]} 20. Kxc2 {[%clk 00:36:04]} {[%emt 00:01:25]} Bb7 {[%clk 00:50:42]}
{[%emt 00:00:06]} 21. Rhe1 {[%clk 00:34:33]} {[%emt 00:02:01]} d5 {[%clk
00:50:04]} {[%emt 00:01:08]} 22. Rb1 {[%clk 00:29:43]} {[%emt 00:05:19]} Rd6
{[%clk 00:45:57]} {[%emt 00:04:38]} 23. Bg2 {[%clk 00:27:05]} {[%emt 00:03:08]}
dxe4 {[%clk 00:45:57]} {[%emt 00:00:30]} 24. Bxe4 {[%clk 00:25:33]} {[%emt
00:02:02]} Bxe4+ {[%clk 00:46:23]} {[%emt 00:00:05]} 25. Rxe4 {[%clk 00:25:46]}
{[%emt 00:00:16]} Rfd8 {[%clk 00:44:59]} {[%emt 00:01:54]} 26. Re2 {[%clk
00:25:34]} {[%emt 00:00:41]} h5 {[%clk 00:44:19]} {[%emt 00:01:11]} 27. Rbe1
{[%clk 00:23:35]} {[%emt 00:02:28]} f6 {[%clk 00:41:58]} {[%emt 00:02:51]} 28.
a4 {[%clk 00:12:30]} {[%emt 00:11:36]} Rd4 {[%clk 00:35:37]} {[%emt 00:06:51]}
29. Re8+ {[%clk 00:10:52]} {[%emt 00:02:07]} Rxe8 {[%clk 00:35:22]} {[%emt
00:00:46]} 30. Rxe8+ {[%clk 00:11:15]} {[%emt 00:00:07]} Kf7 {[%clk 00:35:50]}
{[%emt 00:00:03]} 31. Ra8 {[%clk 00:09:56]} {[%emt 00:01:48]} Ke6 {[%clk
00:35:43]} {[%emt 00:00:37]} 32. a5 {[%clk 00:08:12]} {[%emt 00:02:14]} bxa5
{[%clk 00:35:21]} {[%emt 00:00:53]} 33. Rxa5 {[%clk 00:08:36]} {[%emt
00:00:06]} Kd5 {[%emt 00:07:57]} 34. Ra7 {[%clk 00:06:39]} g5 {[%clk 00:29:37]}
{[%emt 00:01:13]} 35. Ra6 {[%clk 00:04:40]} {[%emt 00:02:29]} gxf4 {[%clk
00:24:13]} {[%emt 00:05:54]} 36. Rxf6 {[%clk 00:03:58]} {[%emt 00:01:12]} Ke5
{[%clk 00:24:05]} {[%emt 00:00:38]} 37. Rh6 {[%clk 00:03:37]} {[%emt 00:00:51]}
f3 {[%clk 00:23:18]} {[%emt 00:01:17]} 38. Rxh5+ {[%clk 00:01:54]} {[%emt
00:02:13]} Ke4 {[%clk 00:23:42]} {[%emt 00:00:06]} 39. Rh8 {[%clk 00:01:34]}
{[%emt 00:00:49]} f2 {[%clk 00:22:32]} {[%emt 00:01:41]} 40. Rf8 {[%clk
00:01:56]} {[%emt 00:00:08]} Ke3 {[%clk 00:23:00]} {[%emt 00:00:02]} 41. h4
{[%clk 00:25:05]} {[%emt 00:07:21]} Ke2 {[%clk 00:53:20]} {[%emt 00:00:10]} 42.
Re8 {[%clk 00:25:23]} {[%emt 00:00:12]} Kf3 {[%clk 00:53:43]} {[%emt 00:00:07]}
43. Rf8+ {[%clk 00:23:52]} {[%emt 00:02:00]} Kxg3 {[%clk 00:52:38]} {[%emt
00:01:35]} 44. Rf7 {[%clk 00:21:35]} {[%emt 00:02:48]} Rf4 {[%clk 00:52:57]}
{[%emt 00:00:11]} 0-1

[Event "ODJM B 2025"]
[Site "Willingen GER"]
[Date "2025.06.10"]
[Round "4"]
[White "Göb, Franziska"]
[Black "Ott, Claudius"]
[Result "0-1"]
[Termination "normal"]
[Board "27"]
[WhiteElo "1611"]
[BlackElo "1835"]
[WhiteClock "00:02:32"]
[BlackClock "00:20:38"]
[PlyCount "136"]
[WhiteFideId "16293177"]
[BlackFideId "34621024"]
[EventCountry "GER"]
[EventRounds "9"]
[EventType "swiss"]
[EventDate "2025.06.07"]

1. e4 {[%clk 01:30:58]} c5 {[%clk 01:30:53]} {[%emt 00:00:08]} 2. Nf3 {[%clk
01:31:25]} {[%emt 00:00:03]} d6 {[%clk 01:31:21]} {[%emt 00:00:03]} 3. Bb5+
{[%clk 01:31:50]} {[%emt 00:00:05]} Bd7 {[%clk 01:31:46]} {[%emt 00:00:05]} 4.
Bxd7+ {[%clk 01:32:13]} {[%emt 00:00:07]} Qxd7 {[%clk 01:32:10]} {[%emt
00:00:05]} 5. O-O {[%clk 01:32:29]} {[%emt 00:00:13]} Nc6 {[%clk 01:32:38]}
{[%emt 00:00:04]} 6. c3 {[%clk 01:32:09]} {[%emt 00:00:50]} d5 {[%clk
01:33:03]} {[%emt 00:00:05]} 7. e5 {[%clk 01:27:50]} {[%emt 00:04:48]} e6
{[%clk 01:33:28]} {[%emt 00:00:06]} 8. d4 {[%clk 01:27:35]} {[%emt 00:00:44]}
Rc8 {[%clk 01:33:53]} {[%emt 00:00:05]} 9. Be3 {[%clk 01:25:06]} {[%emt
00:02:58]} cxd4 {[%clk 01:30:26]} {[%emt 00:03:58]} 10. cxd4 {[%clk 01:24:11]}
{[%emt 00:01:26]} Nge7 {[%clk 01:30:42]} {[%emt 00:00:13]} 11. a3 {[%clk
01:20:01]} {[%emt 00:04:41]} a5 {[%clk 01:25:46]} {[%emt 00:05:26]} 12. Nc3
{[%clk 01:08:52]} {[%emt 00:11:38]} Nf5 {[%clk 01:23:02]} {[%emt 00:03:14]} 13.
Rc1 {[%clk 01:04:37]} {[%emt 00:04:45]} Rb8 {[%clk 01:19:41]} {[%emt 00:03:51]}
14. Na4 {[%clk 00:56:21]} {[%emt 00:08:46]} b5 {[%clk 01:16:20]} {[%emt
00:03:51]} 15. Nc5 {[%clk 00:53:34]} {[%emt 00:03:17]} Bxc5 {[%clk 01:16:40]}
{[%emt 00:00:11]} 16. Rxc5 {[%clk 00:53:13]} {[%emt 00:00:51]} O-O {[%clk
01:16:02]} {[%emt 00:01:08]} 17. Qc2 {[%clk 00:48:25]} {[%emt 00:05:18]} Rfc8
{[%clk 01:12:53]} {[%emt 00:03:38]} 18. Rc1 {[%clk 00:45:00]} {[%emt 00:03:55]}
Nce7 {[%clk 01:05:54]} {[%emt 00:07:28]} 19. Qd2 {[%clk 00:40:05]} {[%emt
00:05:26]} Nxe3 {[%clk 00:59:50]} {[%emt 00:06:34]} 20. fxe3 {[%clk 00:34:50]}
{[%emt 00:05:45]} a4 {[%clk 00:51:46]} {[%emt 00:08:35]} 21. Qb4 {[%clk
00:31:51]} {[%emt 00:03:28]} h6 {[%clk 00:41:56]} {[%emt 00:10:20]} 22. Kf2
{[%clk 00:28:02]} {[%emt 00:04:18]} Qb7 {[%clk 00:35:10]} {[%emt 00:07:18]} 23.
Ne1 {[%clk 00:23:00]} {[%emt 00:05:31]} Qa6 {[%clk 00:32:15]} {[%emt 00:03:25]}
24. Nd3 {[%clk 00:19:21]} {[%emt 00:04:09]} Nc6 {[%clk 00:30:54]} {[%emt
00:01:50]} 25. Qc3 {[%clk 00:17:21]} {[%emt 00:02:30]} Na7 {[%clk 00:30:29]}
{[%emt 00:00:56]} 26. Nb4 {[%clk 00:14:28]} {[%emt 00:03:23]} Qb6 {[%clk
00:25:03]} {[%emt 00:05:56]} 27. Nc6 {[%clk 00:11:35]} {[%emt 00:03:24]} Nxc6
{[%clk 00:21:10]} {[%emt 00:04:23]} 28. Rxc6 {[%clk 00:11:55]} {[%emt
00:00:10]} Rxc6 {[%clk 00:21:26]} {[%emt 00:00:13]} 29. Qxc6 {[%clk 00:12:21]}
{[%emt 00:00:04]} Qxc6 {[%clk 00:21:24]} {[%emt 00:00:32]} 30. Rxc6 {[%clk
00:12:27]} {[%emt 00:00:24]} Rb7 {[%clk 00:19:36]} {[%emt 00:02:19]} 31. Rc8+
{[%clk 00:11:25]} {[%emt 00:01:31]} Kh7 {[%clk 00:20:00]} {[%emt 00:00:06]} 32.
Ke2 {[%clk 00:11:21]} {[%emt 00:00:33]} Kg6 {[%clk 00:20:03]} {[%emt 00:00:27]}
33. Kd3 {[%clk 00:10:15]} {[%emt 00:01:36]} b4 {[%clk 00:19:52]} {[%emt
00:00:42]} 34. axb4 {[%clk 00:05:23]} {[%emt 00:05:23]} Rxb4 {[%clk 00:20:16]}
{[%emt 00:00:05]} 35. Kc2 {[%clk 00:04:05]} {[%emt 00:01:47]} h5 {[%clk
00:17:18]} {[%emt 00:03:28]} 36. Rc7 {[%clk 00:03:10]} {[%emt 00:01:26]} h4
{[%clk 00:16:40]} {[%emt 00:01:08]} 37. Rc3 {[%clk 00:02:24]} {[%emt 00:01:16]}
f6 {[%clk 00:15:41]} {[%emt 00:01:29]} 38. exf6 {[%clk 00:02:22]} {[%emt
00:00:32]} Kxf6 {[%emt 00:00:09]} 39. Ra3 {[%clk 00:01:13]} {[%emt 00:01:32]}
Kf5 {[%clk 00:15:44]} {[%emt 00:00:55]} 40. Kc3 {[%clk 00:00:57]} {[%emt
00:00:45]} Rc4+ {[%clk 00:13:19]} {[%emt 00:02:56]} 41. Kd2 {[%clk 00:23:19]}
{[%emt 00:08:08]} Ke4 {[%clk 00:35:41]} {[%emt 00:08:08]} 42. b3 {[%clk
00:12:24]} {[%emt 00:11:25]} axb3 {[%clk 00:35:52]} {[%emt 00:00:19]} 43. Rxb3
{[%clk 00:12:47]} {[%emt 00:00:07]} Ra4 {[%clk 00:36:09]} {[%emt 00:00:13]} 44.
Rb6 {[%clk 00:08:47]} {[%emt 00:04:29]} Ra2+ {[%clk 00:35:04]} {[%emt
00:01:36]} 45. Ke1 {[%clk 00:08:42]} {[%emt 00:00:35]} Rxg2 {[%clk 00:30:01]}
{[%emt 00:05:33]} 46. Rxe6+ {[%clk 00:07:45]} {[%emt 00:01:27]} Kd3 {[%clk
00:28:00]} {[%emt 00:02:31]} 47. Re5 {[%clk 00:03:53]} {[%emt 00:04:22]} Rxh2
{[%clk 00:26:14]} {[%emt 00:02:15]} 48. Rxd5 {[%clk 00:03:36]} {[%emt
00:00:48]} Kxe3 {[%clk 00:26:39]} {[%emt 00:00:06]} 49. Kf1 {[%clk 00:03:27]}
{[%emt 00:00:38]} h3 {[%clk 00:22:06]} {[%emt 00:05:02]} 50. Kg1 {[%clk
00:01:44]} {[%emt 00:02:14]} Rg2+ {[%clk 00:22:25]} {[%emt 00:00:11]} 51. Kh1
{[%clk 00:01:38]} {[%emt 00:00:36]} g5 {[%clk 00:21:49]} {[%emt 00:01:06]} 52.
Rd8 {[%clk 00:01:32]} {[%emt 00:00:36]} Rd2 {[%clk 00:21:46]} {[%emt 00:00:33]}
53. Rg8 {[%clk 00:01:16]} {[%emt 00:00:47]} Kf4 {[%clk 00:21:44]} {[%emt
00:00:31]} 54. Rf8+ {[%clk 00:00:50]} {[%emt 00:00:57]} Kg3 {[%clk 00:21:50]}
{[%emt 00:00:22]} 55. Rf1 {[%clk 00:00:55]} {[%emt 00:00:26]} Rxd4 {[%clk
00:22:16]} {[%emt 00:00:05]} 56. Rg1+ {[%clk 00:01:02]} {[%emt 00:00:22]} Kh4
{[%clk 00:22:15]} {[%emt 00:00:30]} 57. Re1 {[%clk 00:00:45]} {[%emt 00:00:49]}
g4 {[%clk 00:17:17]} {[%emt 00:05:27]} 58. Ra1 {[%clk 00:00:55]} {[%emt
00:00:21]} g3 {[%clk 00:17:43]} {[%emt 00:00:04]} 59. Rb1 {[%clk 00:00:59]}
{[%emt 00:00:26]} Kg4 {[%clk 00:18:08]} {[%emt 00:00:04]} 60. Ra1 {[%clk
00:01:13]} {[%emt 00:00:16]} Kf3 {[%clk 00:18:01]} {[%emt 00:00:36]} 61. Rf1+
{[%clk 00:01:16]} {[%emt 00:00:27]} Ke2 {[%clk 00:18:03]} {[%emt 00:00:28]} 62.
Ra1 {[%clk 00:01:04]} {[%emt 00:00:43]} Rd1+ {[%clk 00:18:29]} {[%emt
00:00:04]} 63. Rxd1 {[%clk 00:01:28]} {[%emt 00:00:06]} Kxd1 {[%clk 00:18:56]}
{[%emt 00:00:03]} 64. Kg1 {[%clk 00:01:53]} {[%emt 00:00:05]} Ke2 {[%clk
00:19:15]} {[%emt 00:00:11]} 65. Kh1 {[%clk 00:02:18]} {[%emt 00:00:05]} g2+
{[%clk 00:19:29]} {[%emt 00:00:17]} 66. Kg1 {[%clk 00:01:48]} {[%emt 00:01:00]}
Kf3 {[%clk 00:19:50]} {[%emt 00:00:07]} 67. Kh2 {[%clk 00:02:09]} {[%emt
00:00:09]} Kf2 {[%clk 00:20:16]} {[%emt 00:00:04]} 68. Kxh3 {[%clk 00:02:32]}
{[%emt 00:00:08]} g1=Q {[%clk 00:20:38]} {[%emt 00:00:08]} 0-1

[Event "ODJM B 2025"]
[Site "Willingen GER"]
[Date "2025.06.10"]
[Round "4"]
[White "Wilmink, Luca"]
[Black "Stepanjan, Tatevik Mia"]
[Result "0-0"]
[Termination "normal"]
[Board "28"]
[WhiteElo "1779"]
[BlackElo "1604"]
[WhiteClock "00:42:13"]
[BlackClock "00:01:40"]
[PlyCount "37"]
[WhiteFideId "16245253"]
[BlackFideId "16246128"]
[EventCountry "GER"]
[EventRounds "9"]
[EventType "swiss"]
[EventDate "2025.06.07"]

1. e4 {[%clk 01:30:57]} {[%emt 00:00:03]} c5 {[%clk 01:30:55]} {[%emt
00:00:06]} 2. Nf3 {[%clk 01:31:04]} {[%emt 00:00:23]} e6 {[%clk 01:31:10]}
{[%emt 00:00:15]} 3. d4 {[%clk 01:30:55]} {[%emt 00:00:38]} cxd4 {[%clk
01:31:35]} {[%emt 00:00:06]} 4. Nxd4 {[%clk 01:31:18]} {[%emt 00:00:07]} a6
{[%clk 01:32:00]} {[%emt 00:00:05]} 5. Be2 {[%clk 01:29:02]} {[%emt 00:02:46]}
Nc6 {[%clk 01:32:20]} {[%emt 00:00:10]} 6. O-O {[%clk 01:28:16]} {[%emt
00:01:16]} Bc5 {[%clk 01:31:54]} {[%emt 00:00:56]} 7. Be3 {[%clk 01:27:25]}
{[%emt 00:01:20]} Qb6 {[%clk 01:30:39]} {[%emt 00:01:46]} 8. c3 {[%clk
01:18:04]} {[%emt 00:09:50]} Qxb2 {[%clk 01:22:33]} {[%emt 00:08:36]} 9. Nb3
{[%clk 01:17:26]} {[%emt 00:01:09]} Bxe3 {[%clk 01:04:33]} {[%emt 00:18:29]}
10. fxe3 {[%clk 01:15:53]} {[%emt 00:02:04]} Na5 {[%clk 00:38:00]} {[%emt
00:27:03]} 11. Bh5 {[%clk 00:52:17]} {[%emt 00:24:05]} Nxb3 {[%clk 00:33:36]}
{[%emt 00:04:54]} 12. Bxf7+ {[%clk 00:52:02]} {[%emt 00:00:45]} Kd8 {[%clk
00:26:21]} {[%emt 00:07:45]} 13. Bxe6 {[%clk 00:50:35]} {[%emt 00:01:57]} Nf6
{[%clk 00:09:44]} {[%emt 00:17:07]} 14. Bxb3 {[%clk 00:48:55]} {[%emt
00:02:10]} Nxe4 {[%clk 00:09:10]} {[%emt 00:01:04]} 15. Qd4 {[%clk 00:46:53]}
{[%emt 00:02:32]} Qxa1 {[%clk 00:03:48]} {[%emt 00:05:53]} 16. Qb6+ {[%clk
00:43:28]} {[%emt 00:03:55]} Ke8 {[%clk 00:03:41]} {[%emt 00:00:36]} 17. Bf7+
{[%clk 00:43:07]} {[%emt 00:00:51]} Ke7 {[%clk 00:03:36]} {[%emt 00:00:35]} 18.
Qb4+ {[%clk 00:42:44]} {[%emt 00:00:53]} Kd8 {[%clk 00:01:40]} {[%emt
00:02:26]} 19. Qb6+ {[%clk 00:42:13]} {[%emt 00:01:02]} {Partie 0-0 wegen
Verstoß gegen Sofia-Regel. Remis-Angebot erfolte im Zug 19!} *

[Event "ODJM B 2025"]
[Site "Willingen GER"]
[Date "2025.06.10"]
[Round "4"]
[White "Hladeniuk, Yelyzaveta"]
[Black "Stülcken, Philipp"]
[Result "0-1"]
[Termination "normal"]
[Board "29"]
[WhiteElo "1642"]
[BlackElo "1780"]
[WhiteClock "00:11:55"]
[BlackClock "01:00:51"]
[PlyCount "94"]
[WhiteFideId "34176128"]
[BlackFideId "12986232"]
[EventCountry "GER"]
[EventRounds "9"]
[EventType "swiss"]
[EventDate "2025.06.07"]

1. d4 {[%clk 01:30:59]} Nf6 {[%clk 01:30:52]} {[%emt 00:00:09]} 2. c4 {[%clk
01:31:23]} {[%emt 00:00:06]} e6 {[%clk 01:31:06]} {[%emt 00:00:15]} 3. Nc3
{[%clk 01:30:57]} {[%emt 00:00:56]} b6 {[%clk 01:31:09]} {[%emt 00:00:27]} 4.
Bg5 {[%clk 01:30:58]} {[%emt 00:00:29]} Be7 {[%clk 01:31:08]} {[%emt 00:00:32]}
5. Nf3 {[%clk 01:30:16]} {[%emt 00:01:11]} Bb7 {[%clk 01:31:23]} {[%emt
00:00:15]} 6. e3 {[%clk 01:29:59]} {[%emt 00:00:47]} O-O {[%clk 01:31:16]}
{[%emt 00:00:37]} 7. Bd3 {[%clk 01:29:25]} {[%emt 00:01:04]} h6 {[%clk
01:29:28]} {[%emt 00:02:18]} 8. Bh4 {[%clk 01:27:40]} {[%emt 00:02:15]} d6
{[%clk 01:23:10]} {[%emt 00:06:48]} 9. O-O {[%clk 01:26:03]} {[%emt 00:02:06]}
Nbd7 {[%clk 01:20:50]} {[%emt 00:02:51]} 10. Re1 {[%clk 01:16:54]} {[%emt
00:09:38]} c5 {[%clk 01:19:17]} {[%emt 00:02:03]} 11. h3 {[%clk 01:08:48]}
{[%emt 00:08:36]} Rc8 {[%clk 01:18:15]} {[%emt 00:01:34]} 12. Rc1 {[%clk
00:59:46]} {[%emt 00:09:28]} cxd4 {[%clk 01:16:33]} {[%emt 00:02:15]} 13. Nxd4
{[%clk 00:54:45]} {[%emt 00:05:32]} Ne5 {[%clk 01:12:36]} {[%emt 00:04:26]} 14.
b3 {[%clk 00:49:51]} {[%emt 00:05:24]} Nxd3 {[%clk 01:09:04]} {[%emt 00:04:02]}
15. Qxd3 {[%clk 00:43:30]} {[%emt 00:06:51]} a6 {[%clk 01:05:25]} {[%emt
00:04:10]} 16. Bg3 {[%clk 00:29:32]} {[%emt 00:14:25]} Nd7 {[%clk 00:58:18]}
{[%emt 00:07:38]} 17. Ne4 {[%clk 00:19:08]} {[%emt 00:10:54]} Nc5 {[%clk
00:56:48]} {[%emt 00:02:01]} 18. Nxc5 {[%clk 00:12:21]} {[%emt 00:07:17]} dxc5
{[%clk 00:57:11]} {[%emt 00:00:07]} 19. Red1 {[%clk 00:09:06]} {[%emt
00:03:45]} cxd4 {[%clk 00:57:27]} {[%emt 00:00:14]} 20. exd4 {[%clk 00:09:29]}
{[%emt 00:00:07]} Bd6 {[%clk 00:56:37]} {[%emt 00:01:20]} 21. Rc3 {[%clk
00:06:33]} {[%emt 00:03:26]} Qe7 {[%clk 00:55:13]} {[%emt 00:01:53]} 22. Qe2
{[%clk 00:05:17]} {[%emt 00:01:47]} Rfd8 {[%clk 00:52:57]} {[%emt 00:02:46]}
23. Bxd6 {[%clk 00:03:45]} {[%emt 00:02:02]} Rxd6 {[%clk 00:52:15]} {[%emt
00:01:12]} 24. Rg3 {[%clk 00:03:57]} {[%emt 00:00:17]} Qf6 {[%clk 00:50:05]}
{[%emt 00:02:41]} 25. Qg4 {[%clk 00:02:57]} {[%emt 00:01:30]} Rcd8 {[%emt
00:01:27]} 26. Rgd3 {[%clk 00:01:52]} {[%emt 00:01:31]} Qg5 {[%clk 00:48:54]}
{[%emt 00:00:47]} 27. Qxg5 {[%clk 00:02:21]} {[%emt 00:00:02]} hxg5 {[%clk
00:49:17]} {[%emt 00:00:07]} 28. Kf1 {[%clk 00:01:42]} {[%emt 00:01:09]} Kh7
{[%clk 00:48:51]} {[%emt 00:00:56]} 29. f3 {[%clk 00:02:11]} {[%emt 00:00:01]}
Kg6 {[%clk 00:48:35]} {[%emt 00:00:45]} 30. Kf2 {[%clk 00:02:35]} {[%emt
00:00:06]} b5 {[%clk 00:47:28]} {[%emt 00:01:38]} 31. Ke3 {[%clk 00:01:05]}
{[%emt 00:02:00]} Rc8 {[%clk 00:45:16]} {[%emt 00:02:42]} 32. Rc1 {[%clk
00:00:37]} {[%emt 00:00:58]} Bd5 {[%clk 00:39:22]} {[%emt 00:06:23]} 33. c5
{[%clk 00:00:55]} {[%emt 00:00:13]} Rd7 {[%clk 00:39:24]} {[%emt 00:00:28]} 34.
a3 {[%clk 00:00:45]} {[%emt 00:00:40]} Bc6 {[%clk 00:39:09]} {[%emt 00:00:45]}
35. b4 {[%clk 00:00:57]} {[%emt 00:00:18]} Rcd8 {[%clk 00:39:28]} {[%emt
00:00:11]} 36. Rcd1 {[%clk 00:01:12]} {[%emt 00:00:15]} Kf5 {[%clk 00:39:22]}
{[%emt 00:00:35]} 37. g4+ {[%clk 00:01:17]} {[%emt 00:00:26]} Kf6 {[%clk
00:39:43]} {[%emt 00:00:09]} 38. f4 {[%clk 00:01:26]} {[%emt 00:00:21]} gxf4+
{[%clk 00:39:02]} {[%emt 00:01:10]} 39. Kxf4 {[%clk 00:01:52]} {[%emt
00:00:05]} Rd5 {[%clk 00:38:21]} {[%emt 00:01:11]} 40. h4 {[%clk 00:01:50]}
{[%emt 00:00:32]} g5+ {[%clk 00:37:25]} {[%emt 00:01:25]} 41. hxg5+ {[%clk
00:29:41]} {[%emt 00:02:40]} Rxg5 {[%clk 01:07:50]} {[%emt 00:00:05]} 42. Rf1
{[%clk 00:29:13]} {[%emt 00:00:58]} Kg6 {[%clk 01:07:55]} {[%emt 00:00:24]} 43.
Rfd1 {[%clk 00:23:31]} {[%emt 00:06:13]} Rgd5 {[%clk 01:05:33]} {[%emt
00:02:52]} 44. Ke3 {[%clk 00:21:08]} {[%emt 00:02:53]} Kg5 {[%clk 01:05:42]}
{[%emt 00:00:20]} 45. Rf1 {[%clk 00:16:53]} {[%emt 00:04:46]} R8d7 {[%clk
01:04:00]} {[%emt 00:02:12]} 46. Rf4 {[%clk 00:13:36]} {[%emt 00:03:46]} e5
{[%clk 01:01:44]} {[%emt 00:02:46]} 47. Re4 {[%clk 00:11:55]} {[%emt 00:02:12]}
f6 {[%clk 01:00:51]} {[%emt 00:01:22]} 0-1